000 00673cam a2200217 a 4500
001 000005007
005 20200929151546.0
008 941020s1993 ve 000 p spa
010 _a94221377
020 _a9806273737
040 _aDO-SdBNP
_cDLC
_dDLC
082 _aVe861.44
_bL769o
100 1 _aLiscano, Juan,
_d1915-
_93478
245 1 3 _aEl origen sigue siendo :
_bpoemas (1987-1990) /
_cJuan Liscano.
260 _aCaracas, Venezuela :
_bAlfadil Ediciones,
_c1993.
300 _a45 p. ;
_c22 cm.
440 0 _aColección Orinoco ;
_v42
_914435
650 4 _aPoesía venezolano
_914436
650 4 _aLiteratura venezolana
_93816
910 _aCatalogación por copia / LC
999 _c4813
_d4813